[Event "Lisbon Portugal op"]
[Site "Lisbon"]
[Date "2019.02.02"]
[Round "1"]
[White "Paletta, Giuseppe"]
[Black "Borges, Guilherme Deola"]
[Result "0-1"]
[WhiteElo "1620"]
[BlackElo "2181"]
[PlyCount "66"]
[EventDate "2019.02.02"]
[EventType "swiss"]
[EventRounds "9"]
[EventCountry "POR"]
[SourceTitle "CBM 188 Extra"]
[Source "ChessBase"]
[SourceDate "2019.02.26"]
[SourceVersion "1"]
[SourceVersionDate "2019.02.26"]
[SourceQuality "1"]

1. d4 Nf6 2. Nf3 g6 3. Nc3 d5 4. Bf4 Bg7 5. Qd2 0-0 6. h3 c6 7. e3 Nbd7 8. Ne5 Ne8 9. Nxd7 Bxd7 10. Be2 f6 11. e4 Be6 12. 0-0-0 dxe4 13. Nxe4 Bf7 14. Bf3 Nc7 15. Kb1 Nd5 16. Bh6 Qb6 17. Bxg7 Kxg7 18. Rhe1 Rfe8 19. Nc5 Nc7 20. Re3 Rad8 21. Rde1 Qxc5 22. dxc5 Rxd2 23. Rxe7 Rxe7 24. Rxe7 Rxf2 25. b3 Nb5 26. Rxb7 Nd4 27. Rxa7 Nxf3 28. gxf3 Rxf3 29. a4 Re3 30. a5 f5 31. a6 f4 32. Rc7 f3 33. a7 Re8 0-1

[Event "World Amateur-ch U1700"]
[Site "Cagliari"]
[Date "2018.04.26"]
[Round "6"]
[White "Paletta, Giuseppe"]
[Black "Garvit, Kumar Kalra"]
[Result "1/2-1/2"]
[WhiteElo "1619"]
[BlackElo "1503"]
[PlyCount "55"]
[EventDate "2018.04.22"]
[EventType "swiss"]
[EventRounds "9"]
[EventCountry "ITA"]
[SourceTitle "CBM 184 Extra"]
[Source "ChessBase"]
[SourceDate "2018.06.28"]
[SourceVersion "1"]
[SourceVersionDate "2018.06.28"]
[SourceQuality "1"]

1. d4 d5 2. Nf3 Nf6 3. e3 e6 4. Bd3 Bd6 5. 0-0 b6 6. Nbd2 Bb7 7. c3 Ne4 8. Qc2 f5 9. Ne5 0-0 10. f4 c5 11. Ndf3 Nc6 12. Qe2 c4 13. Bc2 b5 14. Nxc6 Bxc6 15. Ne5 Be8 16. Qe1 a5 17. Bd2 Nxd2 18. Qxd2 b4 19. Nf3 bxc3 20. bxc3 a4 21. Rab1 a3 22. Ne5 Bxe5 23. fxe5 Rb8 24. Rxb8 Qxb8 25. Rb1 Qa7 26. Rb4 Bc6 27. Qc1 Rf7 28. Qb1 1/2-1/2

[Event "World Amateur-ch U1700"]
[Site "Cagliari"]
[Date "2018.04.25"]
[Round "5"]
[White "Lussu, Andrea"]
[Black "Paletta, Giuseppe"]
[Result "0-1"]
[WhiteElo "1457"]
[BlackElo "1619"]
[PlyCount "71"]
[EventDate "2018.04.22"]
[EventType "swiss"]
[EventRounds "9"]
[EventCountry "ITA"]
[SourceTitle "CBM 184 Extra"]
[Source "ChessBase"]
[SourceDate "2018.06.28"]
[SourceVersion "1"]
[SourceVersionDate "2018.06.28"]
[SourceQuality "1"]

1. Nf3 b6 2. e4 Bb7 3. Nc3 e6 4. d4 Bb4 5. Bd2 Bxc3 6. Bxc3 Bxe4 7. Bc4 d5 8. Bb5+ c6 9. Bd3 Nf6 10. Ng5 Bxd3 11. Qxd3 Nbd7 12. 0-0-0 h6 13. Nf3 Qc7 14. Rde1 Ne4 15. Bb4 Nxf2 16. Rxe6+ fxe6 17. Qg6+ Kd8 18. Qxg7 Re8 19. Re1 Ne4 20. Qxh6 a5 21. Ba3 Kc8 22. Qg6 Kb7 23. Kb1 b5 24. c3 b4 25. cxb4 axb4 26. Bxb4 Qb6 27. a3 Qb5 28. Qf7 c5 29. dxc5 Ka6 30. Rc1 Nexc5 31. Ka2 Nd3 32. Rc7 Nxb4+ 33. axb4 Kb6+ 34. Kb3 Kxc7 35. Qf4+ e5 36. Qe3 0-1

[Event "World Amateur-ch U1700"]
[Site "Cagliari"]
[Date "2018.04.22"]
[Round "1"]
[White "Bergin, Cian"]
[Black "Paletta, Giuseppe"]
[Result "1-0"]
[WhiteElo "1377"]
[BlackElo "1619"]
[PlyCount "75"]
[EventDate "2018.04.22"]
[EventType "swiss"]
[EventRounds "9"]
[EventCountry "ITA"]
[SourceTitle "CBM 184 Extra"]
[Source "ChessBase"]
[SourceDate "2018.06.28"]
[SourceVersion "1"]
[SourceVersionDate "2018.06.28"]
[SourceQuality "1"]

1. e4 b6 2. d4 Bb7 3. Bd3 Nf6 4. Nc3 e6 5. a3 d6 6. f4 Be7 7. Nf3 Nbd7 8. e5 Nd5 9. Nxd5 Bxd5 10. 0-0 0-0 11. c4 Bb7 12. exd6 Bxf3 13. dxe7 Qxe7 14. Rxf3 Nf6 15. Rh3 g6 16. f5 Qd6 17. fxg6 fxg6 18. Be3 Rad8 19. Qe2 c5 20. Rf1 Rd7 21. Rhf3 Kg7 22. dxc5 bxc5 23. Bf4 Qd4+ 24. Kh1 Rdf7 25. Be5 Qd7 26. Rxf6 Rxf6 27. Rxf6 Rxf6 28. Qf3 Qf7 29. Kg1 Qe7 30. g4 Kf7 31. Bxf6 Qxf6 32. Kf2 h6 33. b4 Ke7 34. Qxf6+ Kxf6 35. bxc5 g5 36. Ke3 Ke7 37. Kd4 Kd7 38. Ke5 1-0

[Event "Arco op-B 39th"]
[Site "Arco"]
[Date "2017.10.11"]
[Round "4"]
[White "Paletta, Giuseppe"]
[Black "Sica, Pier Francesco"]
[Result "1-0"]
[WhiteElo "1603"]
[BlackElo "1505"]
[PlyCount "101"]
[EventDate "2017.10.08"]
[EventType "swiss"]
[EventRounds "8"]
[EventCountry "ITA"]
[SourceTitle "CBM 181 Extra"]
[Source "ChessBase"]
[SourceDate "2017.12.12"]
[SourceVersion "1"]
[SourceVersionDate "2017.12.12"]
[SourceQuality "1"]

1. d4 d5 2. Nf3 Nf6 3. e3 c6 4. c4 Bf5 5. Nc3 e6 6. cxd5 exd5 7. Ne5 h6 8. Bd3 Bxd3 9. Qxd3 Nbd7 10. 0-0 Bd6 11. f4 0-0 12. a3 c5 13. Nxd7 Qxd7 14. dxc5 Bxc5 15. b4 Bb6 16. Rd1 Rfd8 17. Nb5 a6 18. Nd4 Rac8 19. Bb2 Bxd4 20. Bxd4 Rc6 21. Rac1 Rxc1 22. Rxc1 Ne4 23. Qc2 Nd6 24. Qb3 Nc4 25. Qc3 f6 26. Qb3 b5 27. Ra1 Qe6 28. a4 Rc8 29. axb5 axb5 30. Bc5 Qe4 31. Rd1 Re8 32. Kf2 f5 33. Qd3 Nb2 34. Qxd5+ Kh7 35. Rd2 Nc4 36. Qxe4 fxe4 37. Rd7 Nb2 38. Kg3 Re6 39. Rb7 Rg6+ 40. Kh3 Nd3 41. g3 Rc6 42. Rxb5 Kg6 43. g4 h5 44. Kg3 hxg4 45. Kxg4 Nf2+ 46. Kg3 Nd3 47. h4 Kh6 48. Rb6 Rg6+ 49. Rxg6+ Kxg6 50. Bd6 Kf5 51. b5 1-0

[Event "Milan Crespi op-B 34th"]
[Site "Milan"]
[Date "2013.12.06"]
[Round "3"]
[White "Paletta, Giuseppe"]
[Black "Del Frate, Walter"]
[Result "1-0"]
[WhiteElo "1705"]
[BlackElo "1539"]
[PlyCount "47"]
[EventDate "2013.12.04"]
[EventType "swiss"]
[EventRounds "7"]
[EventCountry "ITA"]
[SourceTitle "EXT 2015"]
[Source "ChessBase"]
[SourceDate "2014.11.20"]
[SourceVersion "1"]
[SourceVersionDate "2014.11.20"]
[SourceQuality "1"]

1. d4 d5 2. c4 e6 3. Nc3 Nf6 4. Nf3 Nbd7 5. Bf4 Be7 6. h3 0-0 7. e3 c5 8. Bd3 dxc4 9. Bxc4 a6 10. 0-0 b5 11. Bb3 Bb7 12. d5 c4 13. d6 cxb3 14. dxe7 Qxe7 15. Bd6 Qe8 16. Bxf8 Bxf3 17. Qxf3 Nxf8 18. axb3 Ng6 19. Rfd1 Ne5 20. Qb7 Qc6 21. Qxc6 Nxc6 22. Nxb5 g6 23. Nc7 Rb8 24. Rxa6 1-0

[Event "Cutro op-B 13th"]
[Site "Cutro"]
[Date "2007.04.23"]
[Round "1"]
[White "Scerra, Ezio"]
[Black "Paletta, Giuseppe"]
[Result "0-1"]
[WhiteElo "1398"]
[BlackElo "1679"]
[PlyCount "90"]
[EventDate "2007.04.23"]
[EventType "swiss"]
[EventRounds "9"]
[EventCountry "ITA"]
[SourceTitle "EXT 2008"]
[Source "ChessBase"]
[SourceDate "2007.11.25"]
[SourceVersion "1"]
[SourceVersionDate "2007.11.25"]
[SourceQuality "1"]

1. c4 Nf6 2. Nf3 c5 3. b3 Nc6 4. Bb2 d6 5. d3 e5 6. e4 Bg4 7. Be2 Be7 8. Nbd2 Qa5 9. 0-0 0-0 10. h3 Bd7 11. Nh2 Ne8 12. Ng4 f5 13. Ne3 Bg5 14. Nf3 Qd8 15. Nxf5 Bxf5 16. Nxg5 Qxg5 17. Bc1 Qf6 18. exf5 Qxf5 19. Bg4 Qf6 20. Be3 Nc7 21. Qf3 Qe7 22. Qe4 Ne6 23. Bxe6+ Qxe6 24. Qd5 Qxd5 25. cxd5 Nb4 26. Bg5 Nxd5 27. a3 Rf7 28. b4 cxb4 29. axb4 Nxb4 30. Rfd1 a5 31. d4 Nc2 32. dxe5 Nxa1 33. exd6 Rd7 34. Rxa1 Rxd6 35. Be3 b5 36. Bc5 Rd5 37. Bb4 a4 38. g3 Rad8 39. Kg2 Rd3 40. Re1 Rb3 41. Ba5 Ra8 42. Bb6 a3 43. Kf1 a2 44. Bd4 Rb1 45. Bc3 b4 0-1

[Event "CS Province-ch"]
[Site "Amantea"]
[Date "2007.01.07"]
[Round "5"]
[White "Paletta, Giuseppe"]
[Black "Paragliola, Gennaro"]
[Result "1-0"]
[WhiteElo "1670"]
[BlackElo "1460"]
[PlyCount "89"]
[EventDate "2007.01.05"]
[EventType "swiss"]
[EventRounds "5"]
[EventCountry "ITA"]
[SourceTitle "EXT 2010"]
[Source "ChessBase"]
[SourceDate "2010.11.25"]
[SourceVersion "1"]
[SourceVersionDate "2010.11.25"]
[SourceQuality "1"]

1. d4 Nf6 2. c4 e6 3. Nc3 Bb4 4. Bg5 0-0 5. e4 d6 6. Qc2 Nc6 7. Nf3 b6 8. Bd3 h6 9. Bxf6 Qxf6 10. 0-0 Nxd4 11. Nxd4 Qxd4 12. Nb5 Qc5 13. a3 Ba5 14. b4 Bxb4 15. axb4 Qxb4 16. Nxc7 Rb8 17. Rxa7 Qc5 18. Nb5 Bb7 19. Rd1 d5 20. exd5 exd5 21. cxd5 Bxd5 22. Qb1 Rfd8 23. Rc7 Qf8 24. Bc4 Bxc4 25. Rxd8 Qxd8 26. Rxc4 Qd2 27. h3 Re8 28. Rc1 Kf8 29. Nc7 Re2 30. Rd1 Qa5 31. Nd5 Qc5 32. Qxb6 Qxb6 33. Nxb6 Ke7 34. Nd5+ Kf8 35. Kf1 Rb2 36. Rc1 Ke8 37. g3 Kd7 38. Ne3 Ke6 39. Rc2 Rb1+ 40. Kg2 g6 41. Re2 Kf6 42. Ng4+ Kg7 43. Re7 Kf8 44. Ra7 h5 45. Ne5 1-0

[Event "CS Province-ch"]
[Site "Amantea"]
[Date "2007.01.07"]
[Round "4"]
[White "Piccoli, Vincenzo"]
[Black "Paletta, Giuseppe"]
[Result "1-0"]
[WhiteElo "1727"]
[BlackElo "1670"]
[PlyCount "85"]
[EventDate "2007.01.05"]
[EventType "swiss"]
[EventRounds "5"]
[EventCountry "ITA"]
[SourceTitle "EXT 2010"]
[Source "ChessBase"]
[SourceDate "2010.11.25"]
[SourceVersion "1"]
[SourceVersionDate "2010.11.25"]
[SourceQuality "1"]

1. e4 d6 2. c4 Nf6 3. Nc3 c6 4. d4 Qa5 5. Bd3 e5 6. d5 Be7 7. Bd2 Na6 8. dxc6 bxc6 9. Nd5 Qd8 10. Nxe7 Qxe7 11. Qa4 0-0 12. b4 Nb8 13. Ne2 d5 14. exd5 cxd5 15. c5 Bb7 16. b5 Rd8 17. c6 Bc8 18. 0-0 e4 19. Bc2 Re8 20. b6 Nxc6 21. Qxc6 Bb7 22. Qc7 axb6 23. Qxe7 Rxe7 24. Nd4 Rc7 25. Bb3 Nd7 26. Nb5 Rc5 27. Nd6 Ba6 28. Rfc1 Nf6 29. Be3 Rxc1+ 30. Rxc1 Kf8 31. Bxb6 Ke7 32. Nf5+ Ke6 33. Nxg7+ Ke5 34. Bc7+ Kd4 35. Nf5+ Kd3 36. Rd1+ Kc3 37. Be5+ Kb4 38. Bxf6 Bc4 39. Be7+ Kc3 40. Rc1+ Kd3 41. Bc2+ Kd2 42. Bg5+ Kc3 43. Bxe4+ 1-0